000 00321pab a2200133 454500
008 180718b2005 xxu||||| |||| 00| 0 eng d
100 _aOwen, John R.
245 _aIn defence of the "peasant"
260 _c2005
300 _ap.368-85.
650 _aPeasantry
773 _aJournal of Contemporary Asia
909 _a66505
999 _c66505
_d66505